FRACTIONATION OF SINDBIS VIRUS BY EQUILIBRIUM CENTRIFUGATION

Bibliographic Details
Main Authors: Melnikova, E. N. (Author), Lavrova, N. A. (Author), Gaidamovich, S. YA (Author), Zhdanov, V. M. (Author), Krasnobayeva, Z. N. (Author)
Format: Article
Language:English

MARC

LEADER 00000nab a2200000ua 4500
001 vtls010793687
003 SK-MaSNL
005 20260303183450.0
008 230222s1971 xo |||||||||||||||||eng|
035 |a (urnnbn)urn:nbn:sk:snk:ar-a02adn 
035 |a (uuid)2ec2408a-7c83-4e3d-95a5-564b7a09ad44 
035 |a urn:nbn:sk:snk-ab4j33 
040 |a SNKBUCL  |b slo  |c SNKBUCL  |e AACR2 
041 0 |a eng 
044 |a xo  |c SK 
100 1 |a Melnikova, E. N.  |4 aut  |9 1212656 
245 1 0 |a FRACTIONATION OF SINDBIS VIRUS BY EQUILIBRIUM CENTRIFUGATION  |c E. N. Melnikova, N. A. Lavrova, S. Ya. Gaidamovich, V. M. Zhdanov, Z. N. Krasnobayeva 
700 1 |a Lavrova, N. A.  |4 aut  |9 1212657 
700 1 |a Gaidamovich, S. YA.  |4 aut  |9 1176538 
700 1 |a Zhdanov, V. M.  |4 aut  |9 1174223 
700 1 |a Krasnobayeva, Z. N.  |4 aut  |9 1207352 
773 0 |t Acta virologica  |g Roč. 15, č. 4 (1971), s. 257-262 
958 |a OND 
958 |a EUIPO 
958 |a article3 
999 |c 2121321  |d 2123251